[Event "World Rapid 2025"]
[Site "Doha QAT"]
[Date "2025.12.28"]
[Round "12.80"]
[White "Ezat, Mohamed"]
[Black "Abdilkhair, Abilmansur"]
[Result "0-1"]
[WhiteTitle "IM"]
[BlackTitle "IM"]
[WhiteElo "2294"]
[BlackElo "2378"]
[WhiteFideId "10600906"]
[BlackFideId "13716417"]
[EventDate "2025.12.26"]

1. d4 Nf6 2. Nf3 g6 3. Nbd2 Bg7 4. e4 d6 5. Bc4 O-O 6. Qe2 c6 7. Bb3 b6 8. e5
Nd5 9. O-O Ba6 10. Bc4 Nf4 11. Qe4 Nd5 12. Bxa6 Nxa6 13. c4 Ndc7 14. Qxc6 d5 15.
cxd5 Nb4 16. Qa4 Nbxd5 17. Ne4 h6 18. Bd2 Ne6 19. Nc3 Ndf4 20. Bxf4 Nxf4 21. Qc6
Ne6 22. Rfd1 Rc8 23. Qa4 Rc7 24. d5 Ng5 25. Nxg5 hxg5 26. d6 Rd7 27. dxe7 Rxd1+
28. Rxd1 Qxe7 29. Qd7 Qxe5 30. Qxa7 Qc5 31. g3 Bd4 32. Ne4 Qe5 33. Qb7 Bxb2 34.
Qxb6 Re8 35. Nd6 Qf6 36. Nc4 Re2 37. Nxb2 Qxb6 38. Nd3 Rxa2 0-1

[Event "World Rapid 2025"]
[Site "Doha QAT"]
[Date "2025.12.28"]
[Round "12.81"]
[White "Nurgaliyev, Sauat"]
[Black "Chekh Adm Khedr, Aram"]
[Result "1/2-1/2"]
[WhiteTitle "IM"]
[BlackTitle "FM"]
[WhiteElo "2437"]
[BlackElo "2139"]
[WhiteFideId "13726285"]
[BlackFideId "7601948"]
[EventDate "2025.12.26"]

1. e4 c5 2. Nf3 Nc6 3. Bb5 e6 4. O-O Nge7 5. Re1 a6 6. Bf1 d5 7. exd5 Nxd5 8. d4
Nf6 9. Be3 cxd4 10. Nxd4 Nxd4 11. Bxd4 Be7 12. c4 O-O 13. Nc3 Bd7 14. Qb3 Ba4
15. Qxb7 Qxd4 16. Qxe7 Bc6 17. Rad1 Qb6 18. b3 Rfe8 19. Qd6 Rad8 20. Qg3 Qa5 21.
h3 h6 22. Qe3 Rc8 23. Rd2 Nd5 24. b4 Qxb4 25. cxd5 exd5 26. Qd4 Qxd4 27. Rxe8+
Bxe8 28. Rxd4 Rxc3 29. Bxa6 Ra3 30. Bb7 Rxa2 31. Bxd5 Ra1+ 32. Kh2 Kf8 33. Rb4
Rd1 34. Be4 Ke7 35. Kg3 Rd2 36. h4 Rd6 37. Kf4 Bc6 38. Rb6 Rf6+ 39. Ke3 Bxe4 40.
Rxf6 Kxf6 41. Kxe4 Ke6 42. g4 g6 43. f4 f6 44. h5 gxh5 45. gxh5 f5+ 46. Kd4 Kd6
47. Kc4 Kc6 48. Kd4 Kd6 49. Kc4 Kc6 50. Kd4 Kd6 51. Kc4 1/2-1/2

[Event "World Rapid 2025"]
[Site "Doha QAT"]
[Date "2025.12.28"]
[Round "12.82"]
[White "Rami, Talab"]
[Black "Cunha, Lucas Aguiar"]
[Result "1/2-1/2"]
[BlackTitle "FM"]
[WhiteElo "2173"]
[BlackElo "2263"]
[WhiteFideId "7609787"]
[BlackFideId "2125404"]
[EventDate "2025.12.26"]

1. d4 Nf6 2. Nf3 e6 3. g3 d5 4. Bg2 c5 5. O-O Nc6 6. c4 dxc4 7. Qa4 cxd4 8. Nxd4
Qxd4 9. Bxc6+ bxc6 10. Qxc6+ Qd7 11. Qxa8 Bc5 12. Nc3 O-O 13. Qf3 Bb7 14. e4 Qc7
15. Rd1 Nxe4 16. Nxe4 f5 17. Be3 fxe4 18. Qe2 Bd5 19. Rac1 Rf3 20. Rc3 Bb4 21.
Rc2 h5 22. Rdc1 c3 23. Rxc3 Bxc3 24. Rxc3 Qf7 25. h4 Bxa2 26. Ra3 Bb1 27. Rxa7
Qf5 28. Kh2 Bd3 29. Qe1 Qf6 30. Ra8+ Kh7 31. Ra5 Rf5 32. b4 Qb2 33. Bd2 e3 34.
Bxe3 e5 35. Kg1 Qb3 36. Ra1 Be4 37. Kh2 Kg8 38. Qd2 Rf8 39. Qa2 Qxa2 40. Rxa2
Rb8 41. Rb2 Bd3 42. f4 e4 43. Kg2 Kf7 44. Bd4 g6 45. Kf2 Ke6 46. Bc5 Kd5 47. Ra2
Re8 48. Ke3 Re6 49. Ra7 Ra6 50. Rxa6 Bxa6 51. Bf8 Bb5 52. Bg7 Ba6 53. Bh6 Bb5
54. Bf8 Ba6 55. Kf2 Kd4 56. Bc5+ Kd3 57. Be3 Bb5 58. Bb6 Bc6 59. Ba7 Bb5 60. Be3
Bc6 1/2-1/2

[Event "World Rapid 2025"]
[Site "Doha QAT"]
[Date "2025.12.28"]
[Round "12.83"]
[White "Sharan, Rao"]
[Black "Al Hosani, Omran"]
[Result "1-0"]
[WhiteTitle "IM"]
[BlackTitle "IM"]
[WhiteElo "2341"]
[BlackElo "2340"]
[WhiteFideId "5073464"]
[BlackFideId "9308733"]
[EventDate "2025.12.26"]

1. Nf3 d5 2. b3 Bf5 3. Bb2 e6 4. e3 h6 5. d4 Nf6 6. Bd3 Bxd3 7. Qxd3 Nbd7 8.
Nbd2 Be7 9. O-O O-O 10. c4 c5 11. Rfd1 cxd4 12. Nxd4 Nc5 13. Qe2 Bd6 14. cxd5
Nxd5 15. Nc4 Bc7 16. Nb5 Ne4 17. Qg4 Nef6 18. Qf3 a6 19. Nxc7 Qxc7 20. e4 Ne7
21. Be5 Qc6 22. Bxf6 gxf6 23. Qxf6 Ng6 24. Nd6 Rad8 25. Nxf7 Rxd1+ 26. Rxd1 Qxe4
27. Nxh6+ Kh7 28. Nf7 Qe2 29. Rf1 Qg4 30. h3 Qf4 31. Ng5+ Kh6 32. Qxf4 Nxf4 33.
h4 Ne2+ 34. Kh2 Nd4 35. g3 Rc8 36. Rd1 Rd8 37. Nf7+ 1-0

[Event "World Rapid 2025"]
[Site "Doha QAT"]
[Date "2025.12.28"]
[Round "12.84"]
[White "Stefansson, Vignir Vatnar"]
[Black "Bodemar, Jonathan"]
[Result "1-0"]
[WhiteTitle "GM"]
[BlackTitle "CM"]
[WhiteElo "2519"]
[BlackElo "2154"]
[WhiteFideId "2308649"]
[BlackFideId "6205488"]
[EventDate "2025.12.26"]

1. d4 Nf6 2. Nf3 d5 3. c4 e6 4. g3 Bb4+ 5. Nbd2 O-O 6. Bg2 dxc4 7. Qc2 a5 8. a3
Bxd2+ 9. Bxd2 b5 10. a4 c6 11. e4 h6 12. g4 Nbd7 13. g5 hxg5 14. e5 Nh7 15. h4
f5 16. exf6 Qxf6 17. Qxh7+ Kxh7 18. hxg5+ Kg8 19. gxf6 Nxf6 20. Ne5 Nd5 21. Nxc6
b4 22. Ne7+ 1-0

[Event "World Rapid 2025"]
[Site "Doha QAT"]
[Date "2025.12.28"]
[Round "12.109"]
[White "Salinas Herrera, Pablo"]
[Black "Kuandykuly, Danis"]
[Result "0-1"]
[WhiteTitle "GM"]
[BlackTitle "FM"]
[WhiteElo "2473"]
[BlackElo "2372"]
[WhiteFideId "3407128"]
[BlackFideId "13752260"]
[EventDate "2025.12.26"]

1. e4 e5 2. Nf3 Nc6 3. Bb5 Nge7 4. Nc3 Ng6 5. h4 h5 6. Bc4 Be7 7. d3 d6 8. Ng5
Bxg5 9. Bxg5 Nge7 10. a3 a6 11. Qf3 Be6 12. Qg3 Qd7 13. Be3 O-O-O 14. O-O-O f5
15. Bxe6 Qxe6 16. Qh3 Qd7 17. Bg5 Rdf8 18. Bxe7 Nxe7 19. f3 Rh6 20. d4 fxe4 21.
Qxd7+ Kxd7 22. Nxe4 exd4 23. Rxd4 Nf5 24. Rd2 Kc6 25. Rf2 Re6 26. Kd2 Re5 27.
Rh3 Nd4 28. Nc3 Nf5 29. Re2 Rfe8 30. Rxe5 Rxe5 31. g4 Ne3 32. b3 hxg4 33. fxg4
Nxg4 34. Rg3 Nh2 35. Rxg7 Nf3+ 36. Kd3 Nxh4 37. Ne2 Kb6 38. Nc3 Nf5 39. Rf7 Kc6
40. Ne2 Rd5+ 41. Kc3 Ne3 42. b4 Rd1 43. Nd4+ Rxd4 44. Kxd4 Nxc2+ 45. Kc3 Nxa3
46. Rf4 Nb5+ 47. Kb3 Na7 48. Kc4 Nc8 49. Rf7 Nb6+ 50. Kb3 Nd7 51. Rh7 Nf6 52.
Rg7 Nd5 53. Rg5 Nf6 54. Rf5 Ne4 55. Rf4 d5 56. Rh4 Kb6 57. Ka4 c6 58. Rh7 Nc3+
59. Kb3 Nb5 60. Ka4 Nd6 61. Rd7 Nc4 62. Kb3 a5 63. bxa5+ Nxa5+ 64. Kb4 c5+ 65.
Ka4 Kc6 66. Rh7 Nc4 67. Rh6+ Nd6 68. Kb3 b5 69. Rg6 Kd7 70. Kc3 Ne8 71. Rb6 Nd6
72. Ra6 Ke6 73. Rc6 d4+ 74. Kd3 Kd5 75. Ra6 c4+ 76. Kc2 b4 77. Ra5+ Ke4 78. Ra6
d3+ 79. Kd1 Nf5 80. Ra4 Ne3+ 81. Kc1 c3 82. Rxb4+ Kf3 83. Rd4 Ke2 84. Kb1 d2 0-1

[Event "World Rapid 2025"]
[Site "Doha QAT"]
[Date "2025.12.28"]
[Round "12.110"]
[White "Anwoir, Tarik"]
[Black "Suleymenov, Alisher"]
[Result "1/2-1/2"]
[BlackTitle "GM"]
[WhiteElo "2098"]
[BlackElo "2505"]
[WhiteFideId "9004904"]
[BlackFideId "13707833"]
[EventDate "2025.12.26"]

1. e4 e5 2. Nf3 Nc6 3. Bc4 Nf6 4. d3 Be7 5. h3 O-O 6. O-O d6 7. Nc3 Na5 8. Bb5
a6 9. Ba4 b5 10. Bb3 Nxb3 11. axb3 b4 12. Ne2 Bb7 13. Ng3 d5 14. exd5 Qxd5 15.
Re1 Bd6 16. Be3 Rfe8 17. Bg5 e4 18. dxe4 Nxe4 19. Nxe4 Rxe4 20. Qxd5 Bxd5 21.
Be3 Re6 22. Ra5 Bb7 23. Bc5 Rg6 24. Bxd6 cxd6 25. Re3 h6 26. Kf1 Re6 27. Rxe6
fxe6 28. Ne1 Be4 29. f3 Bg6 30. Ke2 Rc8 31. Kd2 Rc6 32. Ra4 Rb6 33. Nd3 Bxd3 34.
Kxd3 Kf7 35. Kc4 Rc6+ 36. Kd3 Rb6 37. Kc4 d5+ 38. Kc5 Rb5+ 39. Kc6 Rb8 40. Kc7
Rb5 41. Kc6 d4 42. Rxa6 Re5 43. Ra7+ Kf6 44. Rd7 Re2 45. Rxd4 Rxc2+ 46. Kb5 Rxb2
47. Kxb4 Rxg2 48. Rf4+ Ke5 49. Rg4 Rh2 50. Rxg7 Rxh3 51. Rg6 Kf5 52. Rg8 Rxf3
53. Kc4 h5 54. b4 Rh3 55. b5 Rh1 56. b6 Rb1 57. Kc5 e5 58. Rf8+ Kg4 59. Rg8+ Kf3
60. Rg5 e4 61. Rxh5 e3 62. Re5 e2 63. Kc6 Rc1+ 64. Kd7 Rd1+ 65. Kc7 Rc1+ 66. Kd7
e1=R 67. Rxe1 Rxe1 68. b7 Rb1 69. Kc7 Ke4 70. b8=Q Rxb8 71. Kxb8 Ke5 1/2-1/2

[Event "World Rapid 2025"]
[Site "Doha QAT"]
[Date "2025.12.28"]
[Round "12.111"]
[White "Anand, Tsogtbileg"]
[Black "Balakrishnan, Praveen"]
[Result "0-1"]
[WhiteTitle "CM"]
[BlackTitle "GM"]
[WhiteElo "1968"]
[BlackElo "2507"]
[WhiteFideId "4926552"]
[BlackFideId "2064871"]
[EventDate "2025.12.26"]

1. d4 Nf6 2. c4 e6 3. g3 d5 4. Bg2 Bb4+ 5. Nd2 O-O 6. Nf3 dxc4 7. Qc2 a5 8. O-O
b5 9. a4 c6 10. b3 cxb3 11. Nxb3 h6 12. Ne5 Nd5 13. Bb2 Bb7 14. Nc5 Qe7 15. Be4
Bxc5 16. dxc5 b4 17. Rfd1 Nd7 18. Nxd7 Qxd7 19. Bg2 Qe7 20. e4 Nf6 21. Be5 Rfd8
22. Bd6 Qe8 23. f4 Ba6 24. Qb3 Ra7 25. Bf3 Rad7 26. g4 Bb7 27. Kg2 Rxd6 28. Rxd6
Rxd6 29. cxd6 c5 30. Qc4 Qc6 31. Rd1 Nd7 32. h4 Ba6 33. Qc2 c4 34. e5 Qc5 35.
Qe4 c3 36. Qa8+ Qc8 37. Qe4 b3 38. Qe3 c2 39. Qxb3 cxd1=Q 40. Qxd1 Bb7 41. Bxb7
Qxb7+ 42. Kh2 Qb4 43. Kg3 Qc3+ 44. Kg2 Qe3 45. Qc2 Qc5 46. Qe4 Nb6 47. f5 Nd7
48. fxe6 fxe6 49. Qa8+ Nf8 50. Qe4 Qd5 51. Kf3 Kf7 52. Ke3 Qxe4+ 53. Kxe4 Nd7
54. h5 Nc5+ 55. Kd4 Nxa4 56. Kc4 Nb6+ 57. Kb5 Nd7 58. Kxa5 Nxe5 59. Kb6 Nc4+ 60.
Kc7 Nxd6 61. Kxd6 Kf6 62. Kc6 Ke5 0-1

[Event "World Rapid 2025"]
[Site "Doha QAT"]
[Date "2025.12.28"]
[Round "12.112"]
[White "Damaj, Mohammed"]
[Black "Musovic, Armin"]
[Result "1/2-1/2"]
[WhiteTitle "CM"]
[BlackTitle "FM"]
[WhiteElo "2119"]
[BlackElo "2190"]
[WhiteFideId "11501731"]
[BlackFideId "939935"]
[EventDate "2025.12.26"]

1. d4 d5 2. Nc3 a6 3. e4 dxe4 4. Nxe4 Nf6 5. Ng3 e5 6. Nf3 exd4 7. Qxd4 Qxd4 8.
Nxd4 Bc5 9. Nb3 Ba7 10. Be2 h5 11. h4 Nc6 12. c3 Bg4 13. Bg5 O-O-O 14. Bxf6 gxf6
15. Bxg4+ hxg4 16. h5 Rhe8+ 17. Kf1 Ne5 18. h6 Nd3 19. h7 Nxf2 20. Rh6 Nd1 21.
Nd4 Ne3+ 22. Kg1 Nc2 23. Rf1 Nxd4 24. cxd4 Bxd4+ 25. Kh1 Rh8 26. b3 Be5 27. Nf5
g3 28. Ne7+ Kb8 29. Re1 Ka7 30. Kg1 Rd2 31. Nf5 a5 32. a4 Rb2 33. Rd1 Rxb3 34.
Ne7 Rb2 35. Nc8+ Rxc8 36. h8=Q Rxh8 37. Rxh8 Bd4+ 38. Kh1 f5 39. Rd8 c5 40. Re1
Rb6 41. Ra8+ 1/2-1/2

[Event "World Rapid 2025"]
[Site "Doha QAT"]
[Date "2025.12.28"]
[Round "12.113"]
[White "Dinham, James"]
[Black "Berend, Fred"]
[Result "0-1"]
[BlackTitle "IM"]
[WhiteElo "2091"]
[BlackElo "2213"]
[WhiteFideId "14327023"]
[BlackFideId "4000102"]
[EventDate "2025.12.26"]

1. Nf3 Nf6 2. g3 d5 3. d4 c6 4. Bg2 Bf5 5. O-O e6 6. Nh4 Bg4 7. h3 Bh5 8. g4 Ne4
9. Nf3 Bg6 10. Ne5 Nd6 11. Nxg6 hxg6 12. b3 Be7 13. Bf4 Nd7 14. Nd2 Nb6 15. a4
a5 16. e4 Nxe4 17. Nxe4 dxe4 18. Bxe4 Rxh3 19. Kg2 Rh8 20. c4 Bd6 21. Qf3 Bxf4
22. Qxf4 Qb8 23. Qg3 Qxg3+ 24. Kxg3 O-O-O 25. Rad1 g5 26. f3 Kc7 27. f4 gxf4+
28. Rxf4 f6 29. Rff1 Rd7 30. Bc2 Rhd8 31. Rfe1 Rxd4 32. Rxd4 Rxd4 33. Rxe6 Kd8
34. Bg6 Kc7 35. Re7+ Rd7 36. Re8 Nc8 37. Bf5 Rd8 38. Re1 Kb6 39. Kf4 Nd6 40. Re7
g5+ 41. Kf3 Nxf5 42. gxf5 Rd3+ 43. Kg4 Rxb3 44. Rf7 Rb4 45. Rxf6 Rxc4+ 46. Kxg5
Rxa4 47. Re6 Ra1 48. f6 Rg1+ 49. Kh6 a4 50. f7 Rf1 51. Kg7 a3 52. Re3 Rg1+ 53.
Kh7 Rf1 54. Kg7 Kc5 55. Rxa3 b5 56. f8=Q+ Rxf8 57. Kxf8 b4 58. Ra8 Kd4 59. Ke7
c5 60. Kd6 c4 61. Rh8 b3 62. Rh4+ Kd3 63. Rh3+ Kd2 64. Kc5 c3 65. Kc4 c2 66.
Rh2+ Ke3 67. Rh3+ Ke4 68. Rh4+ Ke5 69. Rh5+ Kf4 70. Kxb3 c1=Q 71. Rh4+ Ke5 72.
Rh8 Kd6 73. Rd8+ Kc7 74. Rd3 Qb1+ 75. Kc3 Kc6 76. Rd4 Qc1+ 77. Kb3 Kc5 78. Rd8
Qe3+ 79. Kc2 0-1

[Event "World Rapid 2025"]
[Site "Doha QAT"]
[Date "2025.12.28"]
[Round "12.114"]
[White "Ammar, Sedrani"]
[Black "Phuyal, Aashish"]
[Result "1-0"]
[WhiteTitle "FM"]
[WhiteElo "2203"]
[BlackElo "1955"]
[WhiteFideId "9312331"]
[BlackFideId "12312649"]
[EventDate "2025.12.26"]

1. d4 Nf6 2. Bg5 d5 3. e3 e6 4. Bd3 c5 5. c3 h6 6. Bh4 Be7 7. Nd2 b6 8. f4 Bb7
9. Bxf6 Bxf6 10. Ngf3 Nc6 11. O-O h5 12. Ne5 Kf8 13. Qf3 Ne7 14. g3 Nf5 15. h3
a5 16. Rf2 Ba6 17. Bxa6 Rxa6 18. g4 hxg4 19. hxg4 Nd6 20. Rh2 Rxh2 21. Kxh2 Ra8
22. Kg2 Rc8 23. Qh3 Ke7 24. Rh1 b5 25. Nef3 g6 26. Qh7 cxd4 27. exd4 Ne4 28. g5
Bh8 29. Nh4 Nxd2 30. Nxg6+ Kd6 31. Nxh8 Qf8 32. Nxf7+ Kc6 33. Ne5+ Kb6 34. Nd7+ 1-0

[Event "World Rapid 2025"]
[Site "Doha QAT"]
[Date "2025.12.28"]
[Round "12.115"]
[White "Muntean, Victor"]
[Black "Alhassadi, Yousef A."]
[Result "1-0"]
[BlackTitle "FM"]
[WhiteElo "2169"]
[BlackElo "2098"]
[WhiteFideId "1054414"]
[BlackFideId "9204725"]
[EventDate "2025.12.26"]

1. e4 c5 2. c3 Nf6 3. e5 Nd5 4. Nf3 Nc6 5. Na3 d6 6. Bb5 Qc7 7. exd6 Qxd6 8. d4
cxd4 9. Nxd4 e6 10. O-O Be7 11. Nac2 O-O 12. Re1 e5 13. Nxc6 bxc6 14. Ba4 Qc7
15. Qh5 Bd6 16. Ne3 Be6 17. Bb3 f5 18. Nc4 Nf4 19. Bxf4 exf4 20. Rxe6 Bc5 21.
Rxc6 1-0

[Event "World Rapid 2025"]
[Site "Doha QAT"]
[Date "2025.12.28"]
[Round "12.116"]
[White "Assylov, Miras"]
[Black "AlJamaat, Khaled"]
[Result "1-0"]
[WhiteTitle "FM"]
[WhiteElo "2393"]
[BlackElo "1719"]
[WhiteFideId "13728873"]
[BlackFideId "12102415"]
[EventDate "2025.12.26"]

1. e4 e5 2. Nf3 Nc6 3. Bb5 a6 4. Ba4 Nf6 5. O-O Bc5 6. c3 b5 7. Bb3 d6 8. d4 Bb6
9. Be3 O-O 10. h3 h6 11. Nbd2 Bb7 12. dxe5 Nxe5 13. Bxb6 cxb6 14. Bc2 Re8 15.
Re1 Qc7 16. Nd4 d5 17. f4 Nc4 18. Nxc4 bxc4 19. e5 Ne4 20. Qg4 Kh7 21. Nf5 g6
22. Bxe4 dxe4 23. Nd6 Re6 24. Rad1 f5 25. Nxf5 Bc8 26. Nxh6 Kxh6 27. Qh4+ Kg7
28. Rd8 Qc5+ 29. Kh1 Qf8 30. Rxf8 Kxf8 31. Qh8+ Kf7 32. Rd1 1-0

[Event "World Rapid 2025"]
[Site "Doha QAT"]
[Date "2025.12.28"]
[Round "12.117"]
[White "Fates, Omer Salah"]
[Black "Al Mashikhi, Salim Aliyan"]
[Result "0-1"]
[BlackTitle "FM"]
[WhiteElo "2079"]
[BlackElo "1952"]
[WhiteFideId "9212035"]
[BlackFideId "22000046"]
[EventDate "2025.12.26"]

1. e4 c5 2. Nf3 Nc6 3. d4 cxd4 4. Nxd4 e5 5. Nb5 d6 6. c4 a6 7. N5a3 Nf6 8. Nc3
Be6 9. Bg5 Be7 10. Bxf6 Bxf6 11. Nd5 Bxd5 12. cxd5 Qa5+ 13. Qd2 Qxd2+ 14. Kxd2
Nd4 15. h4 Rc8 16. Bd3 Ke7 17. g3 g5 18. h5 g4 19. Be2 Rhg8 20. Kd3 b5 21. Rac1
Nxe2 22. Kxe2 Bg5 23. Rxc8 Rxc8 24. Kd3 h6 25. Nc2 f5 26. Re1 Kf6 27. b3 a5 28.
Na3 Rc5 29. f3 gxf3 30. Rf1 Bc1 31. Nxb5 fxe4+ 32. Kxe4 Rxb5 33. Rxc1 Rb4+ 34.
Kxf3 Rd4 35. Rc4 Rxd5 36. Kg4 Ke6 37. Kh4 Rd2 38. Ra4 Rd5 39. g4 Kf6 40. Re4 Rd2
41. Ra4 Rd5 42. Re4 Rc5 43. Re2 Rc1 44. Rf2+ Ke6 45. Rf8 e4 46. Rh8 d5 47. Rxh6+
Ke5 48. Kg3 Rc3+ 49. Kh4 e3 50. Rh8 d4 51. h6 Rc1 52. h7 Rh1+ 53. Kg3 e2 54.
Re8+ Kd5 55. Rxe2 Rxh7 56. Rf2 Ke4 57. Rf4+ Kd3 58. Rf5 Ra7 59. Rd5 Ke4 60. Rd6
a4 61. g5 axb3 62. axb3 Rb7 63. g6 Rxb3+ 64. Kg4 d3 65. g7 Rb1 66. Rg6 d2 67.
g8=Q d1=Q+ 68. Kg5 Qd2+ 69. Kf6 Qf4+ 70. Kg7 Rb7+ 71. Kh8 Qh4+ 0-1

[Event "World Rapid 2025"]
[Site "Doha QAT"]
[Date "2025.12.28"]
[Round "12.118"]
[White "Blackwood, Ryan"]
[Black "Khayat, Emad"]
[Result "1/2-1/2"]
[WhiteElo "1945"]
[BlackElo "1927"]
[WhiteFideId "7400640"]
[BlackFideId "21518076"]
[EventDate "2025.12.26"]

1. e4 e5 2. Nf3 Nc6 3. d4 exd4 4. Nxd4 Bb4+ 5. c3 Bc5 6. Nxc6 bxc6 7. Qh5 Qe7 8.
Bd3 Nf6 9. Qh4 d6 10. Bg5 h6 11. Nd2 O-O 12. Bxf6 Qxf6 13. Qxf6 gxf6 14. Nb3 Bb6
15. Nd4 Re8 16. f3 f5 17. O-O-O Bxd4 18. cxd4 fxe4 19. Bxe4 Bd7 20. g4 Rab8 21.
Bc2 Re3 22. f4 Kg7 23. f5 Rbe8 24. h4 Rg3 25. Rdg1 Rxg1+ 26. Rxg1 Re2 27. g5
hxg5 28. hxg5 f6 29. g6 Rf2 30. Rh1 Bxf5 31. Rh7+ Kxg6 32. Bxf5+ Kxf5 33. Rxc7
Ke4 34. Rxc6 d5 35. Ra6 f5 36. Rxa7 f4 37. Rf7 Kd3 38. b3 f3 39. a4 Kc3 40. Kd1
Kxb3 41. a5 Kc3 42. Ke1 Re2+ 43. Kf1 Kxd4 44. a6 Ra2 45. a7 Ke3 46. Re7+ Kd3 47.
Rf7 Ke3 48. Re7+ Kd3 49. Rf7 Ke4 50. Re7+ Kd4 51. Rf7 f2 52. Kg2 Ke4 53. Re7+
Kd3 54. Rd7 d4 55. Re7 Kc3 56. Rc7+ Kd3 57. Re7 Kd2 58. Kxf2 d3 59. Rc7 Kd1+ 60.
Ke3 d2 61. Rd7 Ra3+ 62. Rd3 Rxa7 63. Rxd2+ Kc1 64. Rh2 1/2-1/2

[Event "World Rapid 2025"]
[Site "Doha QAT"]
[Date "2025.12.28"]
[Round "12.119"]
[White "Alrehaili, Ahmed Abdullah S"]
[Black "Alsaqer, Meshal"]
[Result "1-0"]
[WhiteTitle "FM"]
[WhiteElo "2106"]
[BlackElo "1853"]
[WhiteFideId "21518840"]
[BlackFideId "10301771"]
[EventDate "2025.12.26"]

1. e4 e6 2. d3 d5 3. Qe2 Nf6 4. Nf3 b6 5. e5 Nfd7 6. g3 Be7 7. Bg2 c5 8. h4 h6
9. Bf4 Bb7 10. h5 Nc6 11. O-O d4 12. a4 Nb4 13. Na3 Bc6 14. Nc4 Nd5 15. Bd2 Qc7
16. Rfe1 a6 17. c3 dxc3 18. bxc3 O-O 19. Nh2 b5 20. Nb2 b4 21. cxb4 Nxb4 22.
Bxc6 Qxc6 23. Qg4 Kh8 24. Rac1 Qd5 25. Qe2 Rfd8 26. Ng4 Nc6 27. Bc3 Nf8 28. Red1
Rac8 29. Nf6 gxf6 30. exf6 Bd6 31. Nc4 Bc7 32. Rb1 Nd4 33. Bxd4 Qxd4 34. Qf3 Nh7
35. Rb7 Ng5 36. Qe3 Qxe3 37. fxe3 Bxg3 38. Kg2 Bd6 39. e4 Bf8 40. e5 Kg8 41. Kf2
Ne4+ 42. Ke3 Ng5 43. Rdb1 Rd4 44. Rb8 Rxb8 45. Rxb8 Rh4 46. Na5 Rxh5 47. Nc6
Rh3+ 48. Kd2 Nf3+ 49. Kc3 Nxe5 50. Nxe5 h5 51. Nd7 Kh7 52. Nxf8+ Kh6 53. Nxe6
Rf3 54. Nxc5 Rxf6 55. Ne4 Rc6+ 56. Kd2 f5 57. Nf2 Kg5 58. Rb4 h4 59. Nh3+ Kh5
60. Ke3 Rc3 61. Nf4+ Kg5 62. Rb6 h3 63. Rxa6 h2 64. Rg6+ Kh4 65. Rh6+ Kg5 66.
Rxh2 Ra3 67. Ne6+ Kf6 68. Nc5 Ke5 69. Rh4 Ra2 70. Nb3 Ra3 71. a5 Rxb3 72. Ra4
Rb7 73. a6 Ra7 74. Ra5+ Ke6 75. Kf4 Kd6 76. Rxf5 Kc6 77. d4 Rxa6 78. Rf6+ Kb7
79. Rxa6 Kxa6 80. Ke5 Kb7 81. Kd6 Kc8 82. Ke7 Kc7 83. d5 1-0

[Event "World Rapid 2025"]
[Site "Doha QAT"]
[Date "2025.12.28"]
[Round "12.120"]
[White "Dahal, Sushrut"]
[Black "Alkhuriji, Abdulaziz N"]
[Result "1-0"]
[WhiteTitle "CM"]
[WhiteElo "2037"]
[BlackElo "1972"]
[WhiteFideId "12303275"]
[BlackFideId "21525919"]
[EventDate "2025.12.26"]

1. d4 d5 2. Nc3 Nf6 3. Bf4 e6 4. e3 Bb4 5. Ne2 O-O 6. a3 Bd6 7. Qd2 c5 8. Bxd6
Qxd6 9. Ng3 cxd4 10. exd4 Qb6 11. Na4 Qc7 12. Bd3 Nc6 13. O-O Nxd4 14. Bxh7+
Kxh7 15. Qxd4 Qxc2 16. Rac1 Qg6 17. Rc7 b6 18. f4 Ba6 19. f5 exf5 20. Rxf5 Rfe8
21. Nc3 Re1+ 22. Nf1 Rae8 23. Qh4+ Kg8 24. Rf3 Bxf1 25. Rxf1 Qg4 26. Qxg4 Nxg4
27. Nxd5 Rxf1+ 28. Kxf1 Nxh2+ 29. Kf2 Ng4+ 30. Kg3 Ne3 31. Nc3 a6 32. Kf3 Kf8
33. Rc6 b5 34. Rxa6 Nc4 35. Nxb5 Nxb2 36. a4 Rb8 37. Nd6 Rb3+ 38. Ke2 Ra3 39. a5
Ke7 40. Nf5+ Kd7 41. Ra7+ Kc6 42. Nxg7 Rg3 1-0

[Event "World Rapid 2025"]
[Site "Doha QAT"]
[Date "2025.12.28"]
[Round "12.121"]
[White "Al-Janahi, Ibrahim"]
[Black "Al-Kuwari, Hamad"]
[Result "1/2-1/2"]
[BlackTitle "CM"]
[WhiteElo "1656"]
[BlackElo "1809"]
[WhiteFideId "12102385"]
[BlackFideId "12102679"]
[EventDate "2025.12.26"]

1. e4 e5 2. Nf3 Nc6 3. Nc3 Nf6 4. Bc4 Bc5 5. O-O O-O 6. d3 Re8 7. Ng5 Rf8 8. Nf3
Re8 9. Ng5 Rf8 10. Nf3 Re8 11. Ng5 1/2-1/2

[Event "World Rapid 2025"]
[Site "Doha QAT"]
[Date "2025.12.28"]
[Round "13.3"]
[White "Vachier-Lagrave, Maxime"]
[Black "Niemann, Hans Moke"]
[Result "1/2-1/2"]
[WhiteTitle "GM"]
[BlackTitle "GM"]
[WhiteElo "2734"]
[BlackElo "2725"]
[WhiteFideId "623539"]
[BlackFideId "2093596"]
[EventDate "2025.12.26"]

1. e4 e5 2. Nf3 Nc6 3. Bb5 a6 4. Ba4 Nf6 5. O-O Be7 6. Re1 b5 7. Bb3 O-O 8. h3
Bb7 9. d3 d6 10. c3 Na5 11. Bc2 c5 12. Nbd2 Re8 13. Nf1 h6 14. Ng3 Bf8 15. d4
cxd4 16. cxd4 exd4 17. Nxd4 Rc8 18. Bf4 Nc4 19. b3 Ne5 20. a4 bxa4 21. Rxa4 Ng6
22. Bd2 d5 23. Ba5 Qd7 24. Nf3 dxe4 25. Qxd7 Nxd7 26. Bxe4 Bxe4 27. Raxe4 Rxe4
28. Nxe4 Rb8 29. Rd1 Nc5 30. Nxc5 Bxc5 31. Rc1 Be7 32. Rc3 Nf4 33. Re3 Rb7 34.
Bd2 Ne6 35. g3 Kf8 36. Kg2 Rb5 37. Rc3 Ke8 38. Be3 Bc5 39. Kf1 a5 40. Ke2 Ke7
41. h4 Bxe3 42. Kxe3 Kd6 43. Nd2 Nc7 44. Ne4+ Kd7 45. Nc5+ Kd6 46. Ne4+ Kd7 47.
Nc5+ Kd6 48. Ne4+ 1/2-1/2

[Event "World Rapid 2025"]
[Site "Doha QAT"]
[Date "2025.12.28"]
[Round "13.5"]
[White "Sindarov, Javokhir"]
[Black "Esipenko, Andrey"]
[Result "1/2-1/2"]
[WhiteTitle "GM"]
[BlackTitle "GM"]
[WhiteElo "2726"]
[BlackElo "2698"]
[WhiteFideId "14205483"]
[BlackFideId "24175439"]
[EventDate "2025.12.26"]

1. e4 e5 2. Nf3 Nc6 3. Bc4 Bc5 4. c3 Nf6 5. d3 h6 6. O-O d6 7. b4 Bb6 8. a4 a6
9. Be3 Bxe3 10. fxe3 O-O 11. Nbd2 d5 12. exd5 Nxd5 13. Qe1 Nxc3 14. b5 Na5 15.
bxa6 e4 16. Ne5 Nxc4 17. Ndxc4 Nd5 18. axb7 Bxb7 19. Rb1 Ba6 20. dxe4 Nf6 21.
Rf4 Bxc4 22. Nxc4 Rxa4 23. e5 Nd5 24. Rd4 Qg5 25. Rxd5 Rxc4 26. Rbd1 Re4 27. e6
Qxe3+ 28. Qxe3 Rxe3 29. exf7+ Rxf7 30. h3 Rf6 31. R1d2 Kf7 32. Rc5 c6 33. Kh2
Re7 34. h4 Rc7 35. Kh3 Rb7 36. g3 Rb3 37. Rd7+ Kg8 38. Rc4 Rg6 39. Rg4 Rxg4 40.
Kxg4 c5 41. Rc7 Rc3 42. Kf4 c4 43. Rc8+ Kh7 44. h5 Rc1 45. g4 c3 46. Kg3 g5 47.
hxg6+ Kxg6 48. Rc5 Kf6 49. Kf2 Ke6 50. Ke2 c2 1/2-1/2